00837nam a2200205 a 4500008004100000020001500041050001800056100002100074245008400095260004300179300001200222350000900234490004000243500003200283650004900315700002000364995009600384999001700480952013400497060424s1986 ||||||||||||||||| || u a0865318565 aHQ 1870.9 Mar aMarch, Kathryn S10aWomen's informal associations in developing countries : catalysts for change? / aBoulder, Colo. :bWestview Pressc1986 a154 p.  a0.00 aWomen in cross-cultural perspective aBibliography: p. [125]-143. aWOMEN--DEVELOPING COUNTRIES--SOCIAL NETWORKS aTaqqu, Rachelle D0.00FCBU-MAIN LIBRARY (Kitwe)H1I16.50M1UAVAILABLEZMain Library Open Access Collection c61864d61864 00102lcc4070a001b001cMain Library Open Access Collectiond2022-11-30l0oHQ 1870.9 Marp008582r2022-11-30w2022-11-30y002